<?xml version="1.0" encoding="UTF-8"?><?xml-stylesheet type="text/xsl" href="static/style.xsl"?><OAI-PMH xmlns="http://www.openarchives.org/OAI/2.0/" xmlns:xsi="http://www.w3.org/2001/XMLSchema-instance" xsi:schemaLocation="http://www.openarchives.org/OAI/2.0/ http://www.openarchives.org/OAI/2.0/OAI-PMH.xsd"><responseDate>2026-04-14T13:02:30Z</responseDate><request verb="GetRecord" identifier="oai:uvadoc.uva.es:10324/38245" metadataPrefix="marc">https://uvadoc.uva.es/oai/request</request><GetRecord><record><header><identifier>oai:uvadoc.uva.es:10324/38245</identifier><datestamp>2021-06-30T01:46:22Z</datestamp><setSpec>com_10324_38</setSpec><setSpec>col_10324_852</setSpec></header><metadata><record xmlns="http://www.loc.gov/MARC21/slim" xmlns:doc="http://www.lyncode.com/xoai" xmlns:xsi="http://www.w3.org/2001/XMLSchema-instance" xmlns:dcterms="http://purl.org/dc/terms/" xsi:schemaLocation="http://www.loc.gov/MARC21/slim http://www.loc.gov/standards/marcxml/schema/MARC21slim.xsd">
<leader>00925njm 22002777a 4500</leader>
<datafield tag="042" ind1=" " ind2=" ">
<subfield code="a">dc</subfield>
</datafield>
<datafield tag="720" ind1=" " ind2=" ">
<subfield code="a">Diez Monge, Noemí</subfield>
<subfield code="e">author</subfield>
</datafield>
<datafield tag="260" ind1=" " ind2=" ">
<subfield code="c">2019</subfield>
</datafield>
<datafield tag="520" ind1=" " ind2=" ">
<subfield code="a">Este trabajo se centra en el análisis del fenómeno de la violencia de género, el cual se entiende como todo trato violento y discriminatorio que pueda ejercer el sexo contrario hacia una mujer por el simple hecho de serlo. El objetivo es, por lo tanto, poder identificar cuándo nos encontramos ante una conducta constitutiva de tal forma de violencia, diferenciarla de otras modalidades y conocer los diversos instrumentos legislativos que pretenden erradicarla. Posteriormente, nos centraremos de manera concreta en los matrimonios coaccionados o forzados, ya que son una clara manifestación de la violencia contra la mujer, que atenta no solo contra la dignidad de éstas, sino también a su libertad para contraer matrimonio.</subfield>
</datafield>
<datafield tag="024" ind2=" " ind1="8">
<subfield code="a">http://uvadoc.uva.es/handle/10324/38245</subfield>
</datafield>
<datafield tag="245" ind1="0" ind2="0">
<subfield code="a">Violencia de género y matrimonios coaccionados</subfield>
</datafield>
</record></metadata></record></GetRecord></OAI-PMH>